La pandilla del ángel /
Guardado en:
| Autor Principal: | |
|---|---|
| Otros Autores: | |
| Formato: | Libro |
| Publicado: |
Buenos Aires :
Aique,
2007.
|
| Series: | Sopa de libros
|
| Materias: | |
| Etiquetas: |
Agregar Etiqueta
Sin Etiquetas, Sea el primero en etiquetar este registro!
|
| LEADER | 00684nam a22002295a 4500 | ||
|---|---|---|---|
| 001 | CEM.cems019742 | ||
| 008 | 221017s2007##################000#0#####d | ||
| 005 | 20221017084236.0 | ||
| 245 | 1 | 0 | |a La pandilla del ángel / |c Graciela Cabal ; ilustrado por Daniel Rabanal. |
| 260 | |a Buenos Aires : |b Aique, |c 2007. | ||
| 300 | |a 160 p. | ||
| 490 | 0 | |a Sopa de libros | |
| 020 | |a 9789507015342 | ||
| 100 | 1 | |a Cabal, Graciela | |
| 700 | 1 | |a Rabanal, Daniel; il. | |
| 082 | 0 | 4 | |a A863.4 |
| 653 | |a Literatura | ||
| 653 | |a Literatura argentina | ||
| 653 | |a Literatura infantil | ||
| 653 | |a Novela | ||
| 653 | |a Novela infantil | ||
| 859 | |a CEMS |b BIB. CEMS - Inicial y Primaria |h A863.4 |i C111 |k IP |p 6298 |t Ej.1 | ||
